Pattern recognition / (Record no. 52992)

MARC details
000 -LEADER
fixed length control field 00559nam a2200217Ia 4500
005 - DATE AND TIME OF LATEST TRANSACTION
control field 20260429112226.0
008 - FIXED-LENGTH DATA ELEMENTS--GENERAL INFORMATION
fixed length control field 260429s9999||||xx |||||||||||||| ||und||
020 ## - INTERNATIONAL STANDARD BOOK NUMBER
International Standard Book Number 9789354244391
041 ## - LANGUAGE CODE
Language English
082 ## - DEWEY DECIMAL CLASSIFICATION NUMBER
Classification number 006.4
Item number DUD
100 ## - MAIN ENTRY--PERSONAL NAME
Personal name Duda, Richard O.
245 #0 - TITLE STATEMENT
Title Pattern recognition /
Statement of responsibility, etc Richard O. Duda
250 ## - EDITION STATEMENT
Edition statement 2nd ed.
260 ## - PUBLICATION, DISTRIBUTION, ETC. (IMPRINT)
Place of publication, distribution, etc India :
Name of publisher, distributor, etc Wiley,
Date of publication, distribution, etc 2021.
300 ## - PHYSICAL DESCRIPTION
Extent xvii, 467 p.; pbk
650 ## - SUBJECT ADDED ENTRY--TOPICAL TERM
Topical term or geographic name as entry element Pattern recognition
650 ## - SUBJECT ADDED ENTRY--TOPICAL TERM
Topical term or geographic name as entry element Computer science
700 ## - ADDED ENTRY--PERSONAL NAME
Personal name Hart, Peter E.
700 ## - ADDED ENTRY--PERSONAL NAME
Personal name Stork, David G.
942 ## - ADDED ENTRY ELEMENTS (KOHA)
Koha item type Text Books
Holdings
Withdrawn status Lost status Damaged status Not for loan Collection code Home library Location Shelving location Date of Cataloging Source of acquisition Total Checkouts Full call number Barcode Date last seen Price effective from Koha item type
        Non-fiction CUTN Central Library CUTN Central Library Generalia 29/04/2026 Sri Mariyamman Stores, Virudhunagar - Invoice No. SMS-CCR/2025-26/348 on 11-02-2026   006.4 DUD 58147 29/04/2026 29/04/2026 Text Books